000 00255nam a2200097Ia 4500
001 640167
005 20250826153442.0
008 250824s9999 xx 000 0 und d
245 0 _a5 Muhteşem Şövalyenin Sırrı
_c Kate McMullan
260 _bBEYAZ BALİNA
999 _c640167
_d640167